The appreciation of a valuation report

Bibliographic Details
Main Author: Marbeck, A. B
Format: Book
Published: Kuala Lumpur : Ministry Of Finance Malaysia , 1981
Subjects:

MARC

LEADER 00000cam a2200000 7i4500
001 0000016085
005 20060112.0
040 |a INS 
090 0 0 |a KK52 
100 1 |a Marbeck, A. B 
245 1 4 |a The appreciation of a valuation report   |c A.B.Marbeck 
260 |a Kuala Lumpur :   |b Ministry Of Finance Malaysia ,   |c 1981 
300 |a 27p. ;   |c 30cm. 
650 0 0 |a Valuation 
999 |a KK00000166   |b BOOK   |c Course Notes   |e Default branch 
999 |a KK00000167   |b BOOK   |c Course Notes   |e Default branch 
999 |a KK00000168   |b BOOK   |c Course Notes   |e Default branch 
999 |a KK00000169   |b BOOK   |c Course Notes   |e Default branch